000 00872nam a2200265 a 4500
001 26212
003 CO-ViMGA
008 141112s2004 ck r 000 u spa d
015 _ack - 2010 - xxxx
020 _a9789583035166
040 _aCO-ViMGA
_bspa
_cCO-ViMGA
043 _as - ck - - -
082 0 4 _aCo863.3 C11
100 1 _aCaballero Calderón, Eduardo, 1910 - 1993
_91044
245 1 0 _aDiario de Tipacoque ; De ayer a hoy. Tipacoque /
_cEduardo Caballero Claderón ; prólogo de Juan Gustavo Cobo Borda
246 _aTipacoque : diario y de ayer a hoy
250 _a1a. ed.
260 _aBogotá :
_bPanAméricana,
_c2010
300 _a417 p. ; 21 cm
490 _aEduardo Caballero Calderón
598 _aNEW - GRAL
650 1 4 _aNovela histórica colombiana
_92105
942 _2ddc
_cBK
990 _aPanAméricana 2 ejemplares 21 11/11/2010 n a742989
999 _c6511
_d6511